000 00488nam a2200181Ia 4500
001 44195
008 140428s9999 xx 000 0 und d
020 _a9789698631338
040 _cPK-LaUMT
082 _aRHC 891.4393
_bWAS-N
100 _aWaseem Anjum, Muhammad
245 _aNigaarshaat-e-Anjum (Urdu)
_cWaseem Anjum, Muhammad
260 _aRawalpindi,Pakistan:
_bAnjum Publishers,
_c2009
300 _a344 p.
546 _aUR
650 _aPakistani literature-Urdu
942 _cBK
999 _c42189
_d42189